Hyper Speed Oceania - Statistics

General Stats
  • This quiz has been taken 10 times
  • The average score is 10 of 15
Answer Stats
Hint Answer % Correct
Syndney Australia
100%
Micro Micronesia
100%
Zealand New Zealand
100%
American Samoa Samoa
80%
Solomon Solomon Islands
80%
Small Tuvalu
80%
Vans Vanuatu
80%
Water Fiji
60%
Vacation Kiribati
60%
Marshall Marshall islands
60%
Small 3 Palau
60%
A Robe Tonga
60%
Contains Java Indonesia
40%
Small 2 Nauru
40%
Guinea Papa New Guinea
20%
No matching quizzes found
Score Distribution
Percent of People with Each Score
Percentile by Number Answered
Your Score History
You have not taken this quiz